[Event "New South Wales op"]
[Site "Sydney"]
[Date "2015.06.08"]
[Round "7"]
[White "Zhao, Zong Yuan"]
[Black "Mandla, Blair"]
[Result "1-0"]
[WhiteElo "2548"]
[BlackElo "2088"]
[PlyCount "77"]
[EventDate "2015.06.06"]
[EventType "swiss"]
[EventRounds "7"]
[EventCountry "AUS"]
[SourceTitle "CBM 166 Extra"]
[Source "ChessBase"]
[SourceDate "2015.06.18"]
[SourceVersion "1"]
[SourceVersionDate "2015.06.18"]
[SourceQuality "1"]

1. e4 d5 2. exd5 Nf6 3. Nf3 Qxd5 4. d4 Bg4 5. Be2 Nc6 6. 0-0 0-0-0 7. Be3 Qf5 8. c4 e5 9. d5 e4 10. Nfd2 Bd6 11. dxc6 Bxh2+ 12. Kxh2 Qh5+ 13. Kg1 Bxe2 14. cxb7+ Kxb7 15. Qb3+ Kc8 16. Qb5 Rd5 17. Qa6+ Kd8 18. Nc3 Rd6 19. Qb5 Bxf1 20. Rxf1 Qxb5 21. cxb5 Re8 22. Nc4 Rd3 23. Bxa7 Nd5 24. Nxd5 Rxd5 25. a4 Kc8 26. b4 Kb7 27. Bc5 Re6 28. a5 Rh6 29. a6+ Ka8 30. f3 exf3 31. Rxf3 Rd1+ 32. Kf2 Rhh1 33. b6 cxb6 34. Nxb6+ Ka7 35. b5 Rhf1+ 36. Kg3 Rxf3+ 37. Kxf3 Kb8 38. Ke4 Rb1 39. Bd6+ 1-0

[Event "Oceania zt"]
[Site "Nadi"]
[Date "2013.05.08"]
[Round "7"]
[White "Mandla, Blair"]
[Black "Johansen, Darryl Keith"]
[Result "0-1"]
[WhiteElo "2123"]
[BlackElo "2430"]
[PlyCount "66"]
[EventDate "2013.05.05"]
[EventType "swiss"]
[EventRounds "9"]
[EventCountry "FIJ"]
[SourceTitle "CBM 154 Extra"]
[Source "ChessBase"]
[SourceDate "2013.06.25"]
[SourceVersion "2"]
[SourceVersionDate "2013.06.25"]
[SourceQuality "1"]

1. e4 c5 2. Nf3 Nc6 3. d4 cxd4 4. Nxd4 Nf6 5. Nc3 d6 6. Bg5 e6 7. Qd2 a6 8. 0-0-0 h6 9. Nxc6 bxc6 10. Bf4 d5 11. Qe3 Be7 12. Be2 a5 13. h4 a4 14. Qg3 Kf8 15. a3 Bb7 16. Qf3 Qb6 17. g4 Nxe4 18. Nxe4 dxe4 19. Qc3 Qxf2 20. Be5 f6 21. Rd7 Qxe2 22. Rxe7 Kxe7 23. Qb4+ Kf7 24. Qxb7+ Kg6 25. h5+ Kh7 26. Bxf6 Qe3+ 27. Kb1 Ra7 28. Qxc6 gxf6 29. Rd1 Rf8 30. Qxe6 Rg7 31. Rd5 Qf4 32. Rd4 Qe5 33. Qc4 Re7 0-1

[Event "Oceania zt"]
[Site "Nadi"]
[Date "2013.05.07"]
[Round "5"]
[White "Mandla, Blair"]
[Black "Smith, Robert Wayne"]
[Result "1/2-1/2"]
[WhiteElo "2123"]
[BlackElo "2227"]
[PlyCount "160"]
[EventDate "2013.05.05"]
[EventType "swiss"]
[EventRounds "9"]
[EventCountry "FIJ"]
[SourceTitle "CBM 154 Extra"]
[Source "ChessBase"]
[SourceDate "2013.06.25"]
[SourceVersion "2"]
[SourceVersionDate "2013.06.25"]
[SourceQuality "1"]

1. e4 c5 2. Nf3 g6 3. d4 cxd4 4. Qxd4 Nf6 5. Bb5 a6 6. e5 axb5 7. exf6 Nc6 8. Qd3 b4 9. 0-0 e6 10. c4 Qxf6 11. Nbd2 Ne5 12. Nxe5 Qxe5 13. Nf3 Qd6 14. Qb3 Be7 15. Be3 b6 16. Rfd1 Qb8 17. Bd4 0-0 18. Qe3 d6 19. Bxb6 Bb7 20. Ne1 Rc8 21. b3 d5 22. Bd4 Bd6 23. Nf3 Bf4 24. Qe2 dxc4 25. g3 Bxf3 26. Qxf3 Bg5 27. bxc4 Rxc4 28. Qb3 Qc8 29. Qb2 Bh6 30. Rab1 Bf8 31. Rd2 Qc6 32. Rbd1 Rd8 33. h4 h5 34. Bf6 Rxd2 35. Qxd2 Rc2 36. Qf4 Kh7 37. Be7 Bg7 38. Qxf7 Rc1 39. Rxc1 Qxc1+ 40. Kh2 Qb2 41. Bf8 Qd4 42. Bxg7 Qxg7 43. Qxe6 Qa7 44. Kg1 Qg7 45. Qc4 Qe7 46. Kh2 Qa7 47. Kg2 Qe7 48. Kf1 Kg7 49. Qe2 Qf6 50. Qd2 Qe7 51. Kg2 Kh7 52. f3 Qf7 53. Qe2 Qd7 54. Kh2 Qf7 55. Kh3 Qd7+ 56. g4 hxg4+ 57. fxg4 Qf7 58. Kg3 b3 59. axb3 Qxb3+ 60. Qf3 Qb8+ 61. Kh3 Qc7 62. h5 gxh5 63. Qf5+ Kg8 64. Qg6+ Qg7 65. Qe8+ Qf8 66. Qxh5 Qf3+ 67. Kh4 Qh1+ 68. Kg5 Qd5+ 69. Kh6 Qe6+ 70. Qg6+ Kh8 71. Kh5 Qe5+ 72. Qg5 Qe8+ 73. Kh6 Qf8+ 74. Kg6 Qe8+ 75. Kf6 Qd8+ 76. Kf5 Qd5+ 77. Kg6 Qg8+ 78. Kh5 Qe8+ 79. Qg6 Qe5+ 80. Qf5 Qxf5+ 1/2-1/2

[Event "Oceania zt"]
[Site "Nadi"]
[Date "2013.05.05"]
[Round "1"]
[White "Arvind, Goru"]
[Black "Mandla, Blair"]
[Result "0-1"]
[WhiteElo "1659"]
[BlackElo "2123"]
[PlyCount "62"]
[EventDate "2013.05.05"]
[EventType "swiss"]
[EventRounds "9"]
[EventCountry "FIJ"]
[SourceTitle "CBM 154 Extra"]
[Source "ChessBase"]
[SourceDate "2013.06.25"]
[SourceVersion "2"]
[SourceVersionDate "2013.06.25"]
[SourceQuality "1"]

1. c4 e5 2. e4 Bc5 3. Nc3 Nf6 4. d3 d6 5. h3 Nc6 6. Nf3 Nd4 7. Nxd4 Bxd4 8. Be2 c6 9. Bd2 Qb6 10. 0-0 Qxb2 11. Rb1 Qa3 12. Rb3 Qa6 13. Qb1 b6 14. Kh1 Be6 15. f4 exf4 16. Bxf4 Rd8 17. Bg5 h6 18. Bh4 Qc8 19. Kh2 Be5+ 20. Bg3 Bxg3+ 21. Kxg3 h5 22. Ra3 Qc7 23. Kf2 h4 24. Ke1 d5 25. cxd5 cxd5 26. exd5 Nxd5 27. Nxd5 Rxd5 28. Kd2 Qe7 29. Ra4 Qg5+ 30. Kd1 0-0 31. Rxa7 Rc8 0-1

[Event "Doeberl Cup Premier 51st"]
[Site "Canberra"]
[Date "2013.04.01"]
[Round "9"]
[White "Beaumont, David"]
[Black "Mandla, Blair"]
[Result "1-0"]
[WhiteElo "2095"]
[BlackElo "2123"]
[PlyCount "137"]
[EventDate "2013.03.28"]
[EventType "swiss"]
[EventRounds "9"]
[EventCountry "AUS"]
[SourceTitle "EXT 2023"]
[Source "ChessBase"]
[SourceDate "2022.10.05"]
[SourceVersion "1"]
[SourceVersionDate "2022.10.05"]
[SourceQuality "1"]

1. d4 d5 2. c4 e6 3. cxd5 exd5 4. Nc3 Nf6 5. Bg5 c6 6. Qc2 Be7 7. e3 h6 8. Bh4 0-0 9. Bd3 b5 10. a3 Qa5 11. Rc1 Na6 12. Bxf6 Bxf6 13. Qd2 Bd7 14. Nge2 Rac8 15. 0-0 Rfe8 16. Rfd1 Nc7 17. Nxd5 Qxd2 18. Nxf6+ gxf6 19. Rxd2 Nd5 20. Nc3 Nxc3 21. Rxc3 Kf8 22. Rc5 Ke7 23. Rdc2 Kd6 24. Rc1 Rg8 25. f4 Rce8 26. Kf2 a6 27. Bf5 Rc8 28. Be4 Rge8 29. Bf3 Red8 30. e4 Kc7 31. Ke3 Kb6 32. Bh5 Rf8 33. R1c3 Rg8 34. g3 Rgf8 35. f5 a5 36. Rc1 Rcd8 37. Bf3 Rfe8 38. Kf4 a4 39. R1c2 Rc8 40. Bh5 Re7 41. Bf3 Be8 42. h4 Rd8 43. d5 cxd5 44. Rxd5 Rxd5 45. exd5 Bd7 46. Be4 Re8 47. g4 Rg8 48. d6 Rc8 49. Rxc8 Bxc8 50. Bd5 Kc5 51. Bxf7 Kxd6 52. Be8 Kc5 53. Ke3 Bb7 54. Bf7 b4 55. axb4+ Kxb4 56. Kd4 Bf3 57. g5 fxg5 58. hxg5 hxg5 59. f6 Bd1 60. Ke5 Bc2 61. Bh5 Bb3 62. Kf5 a3 63. bxa3+ Kxa3 64. Kxg5 Kb4 65. Kg6 Kc5 66. Kg7 Kd6 67. Bf7 Bd1 68. Bc4 Bh5 69. Bd3 1-0

[Event "Sydney op"]
[Site "Parramatta"]
[Date "2012.04.11"]
[Round "2"]
[White "Mandla, Blair"]
[Black "Smirnov, Vladimir"]
[Result "0-1"]
[WhiteElo "2149"]
[BlackElo "2416"]
[PlyCount "78"]
[EventDate "2012.04.11"]
[EventType "swiss"]
[EventRounds "9"]
[EventCountry "AUS"]
[SourceTitle "CBM 148 Extra"]
[Source "ChessBase"]
[SourceDate "2012.06.22"]
[SourceVersion "1"]
[SourceVersionDate "2012.06.22"]
[SourceQuality "1"]

1. e4 c5 2. Nf3 Nc6 3. d4 cxd4 4. Nxd4 Nf6 5. Nc3 e5 6. Ndb5 h6 7. Nd5 Nxd5 8. exd5 a6 9. dxc6 axb5 10. cxd7+ Bxd7 11. Bd3 Bc6 12. 0-0 Qd5 13. Qg4 h5 14. Qg5 Be7 15. Qg3 Bf6 16. Re1 Ra4 17. f3 Qe6 18. b3 h4 19. Qf2 Ra8 20. h3 0-0 21. Bb2 Rfe8 22. Qf1 Qd6 23. Kh1 e4 24. Bxf6 exf3 25. gxf3 Qxf6 26. Be4 Bxe4 27. Rxe4 Rxe4 28. fxe4 Qxf1+ 29. Rxf1 Rxa2 30. Rf2 Ra1+ 31. Kg2 Re1 32. Kf3 Rg1 33. Kf4 Rg3 34. Rh2 f6 35. e5 Kf7 36. exf6 Kxf6 37. Rd2 g5+ 38. Ke4 Ke6 39. Rd3 g4 0-1

[Event "Doeberl Cup Premier 50th"]
[Site "Canberra"]
[Date "2012.04.08"]
[Round "9"]
[White "Mandla, Blair"]
[Black "Webster, David"]
[Result "1-0"]
[WhiteElo "2149"]
[BlackElo "1944"]
[PlyCount "93"]
[EventDate "2012.04.05"]
[EventType "swiss"]
[EventRounds "9"]
[EventCountry "AUS"]
[SourceTitle "EXT 2023"]
[Source "ChessBase"]
[SourceDate "2022.10.05"]
[SourceVersion "1"]
[SourceVersionDate "2022.10.05"]
[SourceQuality "1"]

1. d4 d5 2. c4 Bf5 3. cxd5 Bxb1 4. Qa4+ Qd7 5. Qxd7+ Nxd7 6. Rxb1 Ngf6 7. Nf3 Nb6 8. Ne5 Nbxd5 9. e4 Nb4 10. d5 a6 11. f3 Nd7 12. Nxd7 Kxd7 13. a3 Nc2+ 14. Kd2 Nd4 15. Kc3 Nb5+ 16. Bxb5+ axb5 17. Bf4 e6 18. Rhd1 Bd6 19. dxe6+ Kxe6 20. Bxd6 cxd6 21. Rbc1 Rac8+ 22. Kb4 Rc6 23. Rc3 Rc4+ 24. Kxb5 Rxc3 25. bxc3 Rc8 26. c4 Rc5+ 27. Kb4 g6 28. Rd5 Rc7 29. g4 f6 30. f4 Re7 31. Kc3 Kd7 32. Kd4 Kc6 33. h4 b6 34. h5 Ra7 35. hxg6 hxg6 36. g5 fxg5 37. Rxg5 Rf7 38. Ke3 Ra7 39. Rxg6 Kc5 40. f5 Rxa3+ 41. Kf4 Ra1 42. Re6 Rd1 43. f6 Kxc4 44. Kg5 b5 45. f7 Rf1 46. Rf6 Rg1+ 47. Kf5 1-0

[Event "Doeberl Cup Premier 50th"]
[Site "Canberra"]
[Date "2012.04.07"]
[Round "5"]
[White "Yu, Sally"]
[Black "Mandla, Blair"]
[Result "1-0"]
[WhiteElo "1960"]
[BlackElo "2149"]
[PlyCount "61"]
[EventDate "2012.04.05"]
[EventType "swiss"]
[EventRounds "9"]
[EventCountry "AUS"]
[SourceTitle "EXT 2023"]
[Source "ChessBase"]
[SourceDate "2022.10.05"]
[SourceVersion "1"]
[SourceVersionDate "2022.10.05"]
[SourceQuality "1"]

1. e4 d5 2. exd5 Nf6 3. d4 Bg4 4. Bb5+ Nbd7 5. f3 Bf5 6. c4 a6 7. Bxd7+ Qxd7 8. Nc3 0-0-0 9. Nge2 e6 10. dxe6 Qxe6 11. d5 Qb6 12. Qb3 Qxb3 13. axb3 Bc5 14. Na4 Ba7 15. Bg5 Rde8 16. Kd2 h6 17. Bxf6 Be3+ 18. Kd1 gxf6 19. Nac3 Rhg8 20. g4 Bd3 21. Ng3 b5 22. Nce4 Bd4 23. Kd2 Bxc4 24. bxc4 bxc4 25. Ra4 Bxb2 26. Rxc4 Rd8 27. d6 Rd7 28. Nf5 Re8 29. Nxh6 Be5 30. Nf5 Kb7 31. Nc5+ 1-0

[Event "Doeberl Cup Premier 50th"]
[Site "Canberra"]
[Date "2012.04.05"]
[Round "2"]
[White "Mandla, Blair"]
[Black "Cameron, Alistair"]
[Result "0-1"]
[WhiteElo "2149"]
[BlackElo "1988"]
[PlyCount "64"]
[EventDate "2012.04.05"]
[EventType "swiss"]
[EventRounds "9"]
[EventCountry "AUS"]
[SourceTitle "EXT 2023"]
[Source "ChessBase"]
[SourceDate "2022.10.05"]
[SourceVersion "1"]
[SourceVersionDate "2022.10.05"]
[SourceQuality "1"]

1. e4 c5 2. Nf3 Nc6 3. d4 cxd4 4. Nxd4 Nf6 5. Nc3 e5 6. Ndb5 d6 7. Nd5 Nxd5 8. exd5 Nb8 9. Qf3 a6 10. Qa3 Be7 11. Bd2 0-0 12. Bb4 axb5 13. Qxa8 Na6 14. Bd2 Qb6 15. Be3 Qa5+ 16. c3 b4 17. Bd2 Qxd5 18. Bxa6 Qe4+ 19. Be3 Bg5 20. Be2 Qxg2 21. 0-0-0 Bxe3+ 22. fxe3 Qxe2 23. Rhe1 Qf2 24. Qa5 Bf5 25. e4 bxc3 26. bxc3 Bg4 27. Rf1 Qe3+ 28. Rd2 Rc8 29. Kc2 Qxe4+ 30. Kb2 Qc6 31. Qb4 Be6 32. Rxd6 Qg2+ 0-1

[Event "Sydney op"]
[Site "Sydney"]
[Date "2011.04.29"]
[Round "5"]
[White "Hansen, Sune Berg"]
[Black "Mandla, Blair"]
[Result "1-0"]
[WhiteElo "2603"]
[BlackElo "2121"]
[PlyCount "41"]
[EventDate "2011.04.27"]
[EventType "swiss"]
[EventRounds "9"]
[EventCountry "AUS"]
[SourceTitle "CBM 142 Extra"]
[Source "ChessBase"]
[SourceDate "2011.06.27"]
[SourceVersion "1"]
[SourceVersionDate "2011.06.27"]
[SourceQuality "1"]

1. c4 Nf6 2. Nf3 e6 3. g3 d5 4. Bg2 Be7 5. 0-0 0-0 6. b3 c5 7. Bb2 Nc6 8. e3 b6 9. Nc3 Bb7 10. cxd5 Nxd5 11. Nxd5 exd5 12. d4 Bf6 13. Qd2 c4 14. bxc4 dxc4 15. e4 b5 16. d5 b4 17. Bxf6 Qxf6 18. dxc6 c3 19. Qd4 Bxc6 20. Qxb4 c2 21. Rac1 1-0

[Event "Doeberl Cup 49th"]
[Site "Canberra"]
[Date "2011.04.21"]
[Round "1"]
[White "Wyss, Felix"]
[Black "Mandla, Blair"]
[Result "0-1"]
[WhiteElo "1896"]
[BlackElo "2121"]
[PlyCount "78"]
[EventDate "2011.04.21"]
[EventType "swiss"]
[EventRounds "9"]
[EventCountry "AUS"]
[SourceTitle "CBM 141 Extra"]
[Source "ChessBase"]
[SourceDate "2011.05.03"]
[SourceVersion "1"]
[SourceVersionDate "2011.05.03"]
[SourceQuality "1"]

1. d4 d5 2. c4 e6 3. Nc3 c5 4. Nf3 Nf6 5. Bg5 cxd4 6. Nxd4 e5 7. Nf3 d4 8. Nd5 Nc6 9. a3 Be6 10. e4 h6 11. Bh4 g5 12. Bg3 Nxe4 13. Bxe5 Nxe5 14. Qxd4 Nxf3+ 15. gxf3 Bxd5 16. cxd5 Nf6 17. Bb5+ Nd7 18. 0-0 f6 19. Qg4 Bd6 20. Rfe1+ Be5 21. d6 a6 22. Qe6+ Kf8 23. Bxd7 Rh7 24. Ba4 Qxd6 25. Qf5 Rg7 26. Rad1 Bxh2+ 27. Kg2 Qf4 28. Qc5+ Kg8 29. Rd4 Qc7 30. Qd5+ Kh8 31. Rh1 g4 32. fxg4 Bf4 33. Qf5 Bg5 34. Rhd1 Qe5 35. Qd3 f5 36. Bc2 Bf6 37. Rc4 b5 38. Qf3 Rag8 39. Rc6 Rxg4+ 0-1

[Event "AUS-ch Major"]
[Site "Cammeray"]
[Date "2011.01.07"]
[Round "6"]
[White "Papp, Alexander"]
[Black "Mandla, Blair"]
[Result "0-1"]
[WhiteElo "1909"]
[BlackElo "2110"]
[PlyCount "100"]
[EventDate "2011.01.02"]
[EventType "swiss"]
[EventRounds "11"]
[EventCountry "AUS"]
[SourceTitle "CBM 140 Extra"]
[Source "ChessBase"]
[SourceDate "2011.03.01"]
[SourceVersion "1"]
[SourceVersionDate "2011.03.01"]
[SourceQuality "1"]

1. d4 d5 2. c4 e6 3. cxd5 exd5 4. Nf3 Bd6 5. Nc3 c6 6. g3 Nf6 7. Bg2 0-0 8. 0-0 Re8 9. Qc2 Bg4 10. a3 Nbd7 11. b4 Nb6 12. Re1 Qd7 13. Nd2 Bf5 14. Qa2 Bh3 15. Nb3 Nc4 16. Nc5 Bxc5 17. bxc5 Qg4 18. e4 Bxg2 19. Kxg2 Nxe4 20. Nxe4 Qg6 21. Qb3 Rxe4 22. Qxb7 Rae8 23. Bf4 h6 24. Rxe4 Qxe4+ 25. Kg1 Qxd4 26. Rc1 Qxc5 27. Qd7 Re6 28. Rb1 Qe7 29. Rb8+ Kh7 30. Qc8 Re1+ 31. Kg2 Qe4+ 32. Kh3 Qe6+ 33. Kg2 Qxc8 34. Rxc8 g5 35. Bb8 g4 36. Rxc6 Nd2 37. h3 f5 38. hxg4 fxg4 39. Bf4 Nf3 40. Rxh6+ Kg7 41. Rh1 Rxh1 42. Kxh1 d4 43. Kg2 d3 44. Kf1 Kf6 45. Be3 a6 46. Bc5 Ke5 47. Bb4 Kd4 48. Bd6 Kc4 49. Bb4 Kb3 50. Ba5 Kxa3 0-1

[Event "AUS-ch Major"]
[Site "Cammeray"]
[Date "2011.01.06"]
[Round "5"]
[White "Mandla, Blair"]
[Black "Wang, Oscar Miao"]
[Result "1-0"]
[WhiteElo "2110"]
[BlackElo "1942"]
[PlyCount "41"]
[EventDate "2011.01.02"]
[EventType "swiss"]
[EventRounds "11"]
[EventCountry "AUS"]
[SourceTitle "CBM 140 Extra"]
[Source "ChessBase"]
[SourceDate "2011.03.01"]
[SourceVersion "1"]
[SourceVersionDate "2011.03.01"]
[SourceQuality "1"]

1. e4 c5 2. Nf3 e6 3. d4 cxd4 4. Nxd4 Nf6 5. Nc3 Nc6 6. Nxc6 bxc6 7. Bd3 Bb4 8. e5 Nd5 9. Qg4 g6 10. 0-0 h5 11. Qf3 Nxc3 12. bxc3 Be7 13. Be4 Qc7 14. Be3 Ba6 15. Rfd1 Bc4 16. Rd2 Bd5 17. Rad1 Rd8 18. c4 Bxe4 19. Qxe4 d5 20. exd6 Bxd6 21. Bf4 1-0

[Event "Doeberl Cup Major 48th"]
[Site "Canberra"]
[Date "2010.04.05"]
[Round "7"]
[White "Guo Yuthok, Sherab"]
[Black "Mandla, Blair"]
[Result "1-0"]
[WhiteElo "1881"]
[BlackElo "1999"]
[PlyCount "39"]
[EventDate "2010.04.02"]
[EventType "swiss"]
[EventRounds "7"]
[EventCountry "AUS"]
[SourceTitle "EXT 2012"]
[Source "ChessBase"]
[SourceDate "2011.11.24"]
[SourceVersion "1"]
[SourceVersionDate "2011.11.24"]
[SourceQuality "1"]

1. e4 d5 2. e5 d4 3. f4 c5 4. Nf3 Nc6 5. Bb5 Bd7 6. 0-0 Nxe5 7. fxe5 Bxb5 8. d3 h6 9. e6 fxe6 10. Na3 Bc6 11. Ne5 g6 12. Qg4 Qd5 13. Qxg6+ Kd8 14. Rxf8+ Kc7 15. Rxa8 Qxe5 16. Bd2 Qe2 17. Nc4 Nf6 18. Bf4+ e5 19. Bxe5+ Kd7 20. Rxh8 1-0

[Event "Doeberl Cup Major 48th"]
[Site "Canberra"]
[Date "2010.04.04"]
[Round "6"]
[White "Mandla, Blair"]
[Black "Dalton, Samuel"]
[Result "0-1"]
[WhiteElo "1999"]
[BlackElo "1925"]
[PlyCount "74"]
[EventDate "2010.04.02"]
[EventType "swiss"]
[EventRounds "7"]
[EventCountry "AUS"]
[SourceTitle "EXT 2012"]
[Source "ChessBase"]
[SourceDate "2011.11.24"]
[SourceVersion "1"]
[SourceVersionDate "2011.11.24"]
[SourceQuality "1"]

1. c4 e5 2. Nc3 Nf6 3. e3 d5 4. cxd5 Nxd5 5. Nf3 Nxc3 6. bxc3 Bd6 7. d4 Qe7 8. Be2 0-0 9. 0-0 Nd7 10. c4 c6 11. Bb2 e4 12. Nd2 f5 13. c5 Bc7 14. f4 exf3 15. Bc4+ Kh8 16. Qxf3 Nf6 17. g3 Bd7 18. a4 Rae8 19. Rfe1 Ba5 20. Rad1 Ne4 21. Bc1 Nc3 22. Nb3 Nxd1 23. Nxa5 Nc3 24. Nxb7 Rb8 25. Nd6 Ne4 26. Ba3 Be6 27. Nxe4 fxe4 28. Qxe4 Qf7 29. Rf1 Bf5 30. Bxf7 Bxe4 31. Rf4 Rb1+ 32. Kf2 Bd3 33. Kg2 g5 34. Rf2 Kg7 35. Bh5 Be4+ 36. Bf3 Rxf3 37. Rxf3 g4 0-1

[Event "Doeberl Cup Major 48th"]
[Site "Canberra"]
[Date "2010.04.04"]
[Round "5"]
[White "Thapa, Krishna"]
[Black "Mandla, Blair"]
[Result "1/2-1/2"]
[WhiteElo "1898"]
[BlackElo "1999"]
[PlyCount "139"]
[EventDate "2010.04.02"]
[EventType "swiss"]
[EventRounds "7"]
[EventCountry "AUS"]
[SourceTitle "EXT 2012"]
[Source "ChessBase"]
[SourceDate "2011.11.24"]
[SourceVersion "1"]
[SourceVersionDate "2011.11.24"]
[SourceQuality "1"]

1. d4 c5 2. d5 e5 3. c4 d6 4. Nc3 Be7 5. Nf3 f5 6. e4 f4 7. Be2 Nh6 8. Bd2 Na6 9. Qb3 Nf7 10. 0-0-0 g5 11. h3 Kd7 12. g3 Kc7 13. gxf4 gxf4 14. Rdg1 b6 15. Nb5+ Kb7 16. Rg7 Qf8 17. Rhg1 Nc7 18. Nh2 a6 19. Nxc7 Kxc7 20. Bh5 Nd8 21. a4 a5 22. Nf3 Bd7 23. Bc3 Qf6 24. R1g5 Qf8 25. Nxe5 dxe5 26. Bxe5+ Kb7 27. d6 Nc6 28. dxe7 Qc8 29. e8Q Rxe8 30. Bxe8 Qxe8 31. Qd3 Rd8 32. Bf6 Nb4 33. Qd6 Qxe4 34. Rxd7+ Ka6 35. Ra7+ Kxa7 36. Qe7+ Qxe7 37. Bxe7 Rd7 38. Bf6 Nd3+ 39. Kc2 Nxf2 40. Be5 Nd3 41. Rf5 f3 42. Bg3 Nb4+ 43. Kc1 Rd3 44. Rf7+ Ka6 45. Rxh7 Rd4 46. b3 Rf4 47. Rh4 Rxh4 48. Bxh4 f2 49. Bxf2 Nd3+ 50. Kd2 Nxf2 51. h4 Kb7 52. Ke3 Ng4+ 53. Kf4 Nf6 54. Kf5 Ng8 55. h5 Kc6 56. Kg6 Kd6 57. Kf7 Nh6+ 58. Kg6 Ng4 59. Kg5 Ne5 60. Kf6 Nd7+ 61. Kf7 Ke5 62. Ke8 Nf6+ 63. Kd8 Nxh5 64. Kc7 Nf6 65. Kxb6 Kd4 66. Kxa5 Kc3 67. b4 Nd7 68. bxc5 Nxc5 69. Kb5 Nxa4 70. Kxa4 1/2-1/2

[Event "AUS-ch Major"]
[Site "Cammeray"]
[Date "2010.01.02"]
[Round "1"]
[White "Mandla, Blair"]
[Black "Pan, Andrew"]
[Result "1-0"]
[WhiteElo "2030"]
[BlackElo "1672"]
[PlyCount "91"]
[EventDate "2010.01.02"]
[EventType "swiss"]
[EventRounds "11"]
[EventCountry "AUS"]
[SourceTitle "EXT 2011"]
[Source "ChessBase"]
[SourceDate "2010.11.26"]
[SourceVersion "1"]
[SourceVersionDate "2010.11.26"]
[SourceQuality "1"]

1. e4 c6 2. d4 d5 3. exd5 cxd5 4. c4 Nf6 5. Nc3 Nc6 6. Nf3 e6 7. Bf4 Bd6 8. Bxd6 Qxd6 9. c5 Qd8 10. a3 a6 11. Bd3 0-0 12. 0-0 Re8 13. Re1 b6 14. b4 Bb7 15. cxb6 Qxb6 16. Na4 Qa7 17. Nc5 a5 18. b5 Nxd4 19. Bxh7+ Nxh7 20. Qxd4 Nf8 21. a4 f6 22. Rac1 e5 23. Qb2 Qb6 24. Nxb7 Qxb7 25. Rc6 Ne6 26. Qb3 Qd7 27. Rd1 Rad8 28. Qc3 Nf4 29. Kh1 e4 30. Nd4 Qg4 31. Rg1 Re5 32. h3 Rh5 33. Kh2 Nd3 34. Qd2 Qh4 35. Rf1 Ne5 36. Rc3 Nd3 37. Nc6 Re8 38. Qe3 f5 39. Rxd3 f4 40. Qe1 f3 41. Rxf3 exf3 42. Qxe8+ Kh7 43. Ne7 Qf4+ 44. Kg1 Qe5 45. Qg8+ Kh6 46. g4 1-0

[Event "Australian Young Masters"]
[Site "Rockdale"]
[Date "2009.10.10"]
[Round "8"]
[White "Nakauchi, Gene"]
[Black "Mandla, Blair"]
[Result "1/2-1/2"]
[WhiteElo "2119"]
[BlackElo "2157"]
[PlyCount "70"]
[EventDate "2009.10.06"]
[EventType "tourn"]
[EventRounds "9"]
[EventCountry "AUS"]
[SourceTitle "EXT 2023"]
[Source "ChessBase"]
[SourceDate "2022.10.05"]
[SourceVersion "1"]
[SourceVersionDate "2022.10.05"]
[SourceQuality "1"]

1. d4 d5 2. c4 c6 3. cxd5 cxd5 4. Nc3 Nf6 5. Bf4 Qb6 6. Qb3 Qxd4 7. e3 Qc5 8. Bxb8 Rxb8 9. Bb5+ Bd7 10. Bxd7+ Nxd7 11. Qxd5 Qxd5 12. Nxd5 e6 13. Nc3 Bb4 14. Nge2 Ke7 15. 0-0 Rhd8 16. Rfd1 Bxc3 17. Nxc3 Nc5 18. Kf1 Rxd1+ 19. Rxd1 Rd8 20. Rxd8 Kxd8 21. Ke2 Kd7 22. b4 Na6 23. a3 Nc7 24. Kd3 Kc6 25. Kc4 b5+ 26. Kd4 Ne8 27. Ne4 f6 28. f4 Nd6 29. Nxd6 Kxd6 30. h4 e5+ 31. Ke4 Ke6 32. f5+ Kd6 33. h5 h6 34. Kd3 Kd5 35. e4+ Kd6 1/2-1/2

[Event "Australian Young Masters"]
[Site "Rockdale"]
[Date "2009.10.09"]
[Round "6"]
[White "Brown, Andrew"]
[Black "Mandla, Blair"]
[Result "1-0"]
[WhiteElo "2096"]
[BlackElo "2157"]
[PlyCount "59"]
[EventDate "2009.10.06"]
[EventType "tourn"]
[EventRounds "9"]
[EventCountry "AUS"]
[SourceTitle "EXT 2023"]
[Source "ChessBase"]
[SourceDate "2022.10.05"]
[SourceVersion "1"]
[SourceVersionDate "2022.10.05"]
[SourceQuality "1"]

1. d4 c5 2. d5 e5 3. c4 d6 4. Nc3 f5 5. e4 f4 6. g3 fxg3 7. hxg3 Nf6 8. Bh3 Be7 9. Be3 Na6 10. f4 h5 11. Bxc8 Qxc8 12. f5 Ng4 13. Rxh5 Rxh5 14. Qxg4 Rh8 15. Qxg7 Rf8 16. Nf3 Qd7 17. Qg6+ Kd8 18. Ng5 Nc7 19. Ne6+ Nxe6 20. dxe6 Qe8 21. Qxe8+ Kxe8 22. Nd5 Rh8 23. 0-0-0 Rc8 24. g4 Rh3 25. Nxe7 Kxe7 26. Bg5+ Kf8 27. Bf6 Rc6 28. g5 Rh7 29. g6 Rh6 30. Rg1 1-0

[Event "Doeberl Cup 47th"]
[Site "Canberra"]
[Date "2009.04.09"]
[Round "2"]
[White "Deepan Chakkravarthy, J."]
[Black "Mandla, Blair"]
[Result "1-0"]
[WhiteElo "2482"]
[BlackElo "2156"]
[PlyCount "119"]
[EventDate "2009.04.09"]
[EventType "swiss"]
[EventRounds "9"]
[EventCountry "AUS"]
[SourceTitle "CBM 129 Extra"]
[Source "ChessBase"]
[SourceDate "2009.05.05"]
[SourceVersion "2"]
[SourceVersionDate "2009.05.20"]
[SourceQuality "1"]

1. e4 d5 2. exd5 Nf6 3. c4 e6 4. dxe6 Bxe6 5. Nf3 Qe7 6. Qe2 Nc6 7. d4 Bg4 8. Qxe7+ Bxe7 9. Be3 0-0-0 10. d5 Bxf3 11. gxf3 Nb4 12. Na3 Rhe8 13. Ke2 Bc5 14. Kd2 Bd6 15. Nb5 Be5 16. a3 Nbxd5 17. cxd5 Nxd5 18. Kc2 a6 19. Nd4 Nxe3+ 20. fxe3 Bxd4 21. exd4 Rxd4 22. Rd1 Rxd1 23. Kxd1 Re3 24. Be2 f5 25. Rg1 g6 26. Kd2 Rb3 27. Kc2 Re3 28. Bd1 Kd7 29. Kd2 Re5 30. Bb3 Kd6 31. Bg8 Re7 32. Re1 h6 33. Rxe7 Kxe7 34. Ke3 g5 35. Kd4 Kd6 36. b4 b6 37. Bc4 c5+ 38. bxc5+ bxc5+ 39. Kc3 a5 40. f4 gxf4 41. Be2 f3 42. Bxf3 Ke5 43. Kc4 Kf4 44. Bc6 Ke3 45. Kxc5 f4 46. Kb5 h5 47. h4 f3 48. Bxf3 Kxf3 49. Kxa5 Kg4 50. Kb6 Kxh4 51. a4 Kg3 52. a5 h4 53. a6 h3 54. a7 Kf2 55. a8Q Kg1 56. Qg8+ Kh1 57. Qd5+ Kg1 58. Qg5+ Kh1 59. Qf5 Kh2 60. Qg4 1-0

[Event "Australian op"]
[Site "Manly Sydney"]
[Date "2009.01.10"]
[Round "10"]
[White "Wohl, Aleksandar H"]
[Black "Mandla, Blair"]
[Result "1-0"]
[WhiteElo "2342"]
[BlackElo "2116"]
[PlyCount "79"]
[EventDate "2009.01.02"]
[EventType "swiss"]
[EventRounds "11"]
[EventCountry "AUS"]
[SourceTitle "CBM 128 Extra"]
[Source "ChessBase"]
[SourceDate "2009.03.05"]
[SourceVersion "2"]
[SourceVersionDate "2009.03.25"]
[SourceQuality "1"]

1. Nf3 c5 2. e4 e6 3. b3 d5 4. Bb5+ Nc6 5. exd5 exd5 6. 0-0 Nf6 7. d4 Be7 8. Ne5 Qb6 9. Bxc6+ bxc6 10. Ba3 Be6 11. Nc3 cxd4 12. Na4 Qc7 13. Bxe7 Qxe5 14. Re1 Qf4 15. g3 Qh6 16. Ba3 Qh3 17. f3 0-0-0 18. Qxd4 Kb8 19. Be7 Rde8 20. Bxf6 gxf6 21. Nc5 Ka8 22. Qxf6 Rhg8 23. Qf4 Rc8 24. Re5 h6 25. Rae1 Rg6 26. Kh1 Rcg8 27. Rxe6 Rxe6 28. Nxe6 fxe6 29. Qc7 Qf5 30. Qxc6+ Kb8 31. f4 Rxg3 32. Rxe6 Rg8 33. Re7 Rg1+ 34. Kxg1 Qg4+ 35. Kf1 Qxf4+ 36. Ke2 Qg4+ 37. Kd3 Qd1+ 38. Kc3 Qa1+ 39. Kb4 Qd4+ 40. Ka3 1-0